Sports Quiz

Random Sports or WWE Quiz
Score 0/26 Timer 02:00
0 Plays Today
% Correct
ɛʤ
95.9%
ˈrændi ˈɔrtən
94.5%
rɪk flɛr
94.5%
brɛt ðə ˈhɪtˌmæn hɑrt
93.2%
trɪʃ ˈstrætəs
93.2%
ˈbʊkər ti
93.2%
dweɪn ðə rɑk ˈʤɑnsən
91.8%
ˈlitə
91.8%
ˈmɑʧoʊ mən ˈrændi ˈsævəʤ
91.8%
stoʊn koʊld stiv ˈɔstən
90.4%
ˈtrɪpəl eɪʧ
90.4%
ˈbɛki lɪnʧ
90.4%
bɪg ʃoʊ
89%
% Correct
mɪk ˈfoʊli
89%
ði ˈʌndərˌteɪkər
89%
ˈroʊmən reɪnz
89%
si-ɛm pʌŋk
89%
rɑb væn dæm
89%
ˈraʊdi ˈrɑdi ˈpaɪpər
87.7%
ʤɛf ˈhɑrdi
86.3%
ʤɑn ˈmɔrɪsən
84.9%
ˈɛdi gəˈrɛroʊ
84.9%
krɪs ˈʤɛrɪˌkoʊ
82.2%
eɪ.ʤeɪ. staɪlz
80.8%
ʃɔn ˈmaɪkəlz
79.5%
ˈkoʊdi roʊdz
78.1%
Remove Ads.
Support Sporcle.
Get the best of Sporcle when you Go Orange. This ad-free experience offers more features, more stats, and more fun while also helping to support Sporcle. Thank you for becoming a member.

You're not logged in!

Compare scores with friends on all Sporcle quizzes.
OR
Log In

Sporcle TV

Today on Sporcle TV


Watch our educational content, quiz creation guides, and fun videos on Sporcle TV.

Show Comments

Extras

Top Quizzes Today


Score Distribution

Paid Content

Your Account Isn't Verified!

In order to create a playlist on Sporcle, you need to verify the email address you used during registration. Go to your Sporcle Settings to finish the process.

Report this User

Report this user for behavior that violates our Community Guidelines.

Details: